[Event "Chigorin Mem Blitz 2016"]
[Site "St Petersburg RUS"]
[Date "2016.10.14"]
[Round "13.12"]
[White "Sjugirov, Sanan"]
[Black "Usmanov, Vasily"]
[Result "1/2-1/2"]
[WhiteTitle "GM"]
[BlackTitle "IM"]
[WhiteElo "2660"]
[BlackElo "2431"]
[WhiteFideId "4189302"]
[BlackFideId "4135741"]
[EventDate "2016.10.14"]

1. d4 Nf6 2. c4 e6 3. Nf3 Bb4+ 4. Bd2 Qe7 5. g3 Bxd2+ 6. Qxd2 Nc6 7. Nc3 d5 8.
b3 O-O 9. Bg2 dxc4 10. bxc4 Rd8 11. O-O Nxd4 12. Nxd4 e5 13. e3 exd4 14. exd4 c6
15. Rfe1 Qb4 16. Qd3 Bf5 17. Qxf5 Qxc3 18. d5 Qxc4 19. dxc6 bxc6 20. Rec1 Qd4
21. Bxc6 Rac8 22. Bf3 g6 23. Qxc8 Rxc8 24. Rxc8+ Kg7 25. Rac1 Ne4 26. Bxe4 Qxe4
27. h4 Qa4 28. R1c2 h5 29. R8c4 Qd7 30. Kh2 Qd3 31. R4c3 Qd4 32. Re3 Qa4 33.
Rce2 Qa6 34. Rd2 Qa5 35. Red3 Qa4 36. Rd4 Qa5 37. a4 Qc5 38. Rf4 Qc6 39. Re2 Kf8
40. Re3 a5 41. Ref3 f5 42. Rb3 Kg7 43. Rb5 Qc3 44. Rd5 Qe1 45. Kg2 Qc3 46. Rfd4
Kh6 47. Rd6 Kg7 48. Rd7+ Kh6 49. R7d5 Kg7 50. Kh2 Kh6 51. Rf4 Qe1 52. Rc5 Qd2
53. Kg2 Kg7 54. Rfc4 Kh6 55. Rb5 Qe1 56. Rb6 Qe2 57. Rcc6 Qe4+ 58. Kh2 Qf3 59.
Rxg6+ Kh7 60. Rh6+ Kg7 61. Kg1 Qd1+ 62. Kg2 Qxa4 63. Rxh5 Qe4+ 64. Kh2 Qd4 65.
Rb7+ Kg6 66. Rg5+ Kf6 67. Rb1 Qxf2+ 68. Kh3 a4 69. Rg8 a3 70. Rf8+ Ke6 71. Re8+
Kd5 72. Ra8 a2 73. Ra1 f4 74. Ra3 fxg3 75. R1xa2 Qe1 76. Rd3+ Kc4 77. Rxg3 Qf1+
78. Rag2 Qf5+ 79. Rg4+ Kd5 80. Kh2 Ke6 81. Rg6+ Kf7 82. R6g4 Ke8 83. Kg3 Qd3+
84. Kh2 Qf5 85. R2g3 Qf2+ 86. Kh3 Qf1+ 87. Rg2 Qf3+ 88. R4g3 Qf5+ 89. Kh2 Qf4
90. Kh3 Qf5+ 91. Rg4 Qf3+ 92. Kh2 Qf5 93. Rg8+ Kf7 94. R8g3 Qf4 95. Kh3 Qf5+ 96.
Rg4 Qf3+ 97. Kh2 Ke8 98. h5 Qf5 99. Rh4 Qe5+ 100. Kh3 Qe3+ 101. Rg3 Qe6+ 102.
Rhg4 Qf5 103. h6 Qh5+ 104. Rh4 Qf5+ 105. Rhg4 Qh5+ 106. Rh4 Qf5+ 107. Kg2 Qc2+
108. Kf3 Qf5+ 109. Kg2 Qc2+ 110. Kh3 Qf5+ 111. Rgg4 Qf3+ 112. Kh2 Qf2+ 113. Kh1
Qe1+ 114. Kg2 Qe2+ 115. Kh3 Qf3+ 116. Rg3 Qf5+ 117. Kg2 Qc2+ 118. Kh1 Qd1+ 119.
Kh2 Qe2+ 120. Kh3 Qe6+ 121. Rgg4 Qe3+ 122. Rg3 Qe6+ 123. Kh2 Qe2+ 124. Rg2 Qe5+
125. Kh3 Qf5+ 126. Kg3 Qe5+ 127. Rf4 Qg5+ 128. Kf3 Qh5+ 129. Ke3 Qh3+ 130. Kf2
Qxh6 131. Re4+ 1/2-1/2